000
00362nam a2200133Ia 4500
003
GCL
008
140319s9999 xx 000 0 ara d
040
_a
GCL /
_c
GCL
082
0
4
_a
892.76
_b
ن ج
245
1
0
_a
بين القصرين (بالبرتغالية)
260
_a
[S.N] :
_b
الجامعة الامريكية بالقاهرة
300
_a
508 ص
490
_a
999
_c
33496
_d
33496